Blinded by sight : (Record no. 10289)

MARC details
000 -LEADER
fixed length control field 00470nam a22001577a 4500
008 - FIXED-LENGTH DATA ELEMENTS--GENERAL INFORMATION
fixed length control field 220411b |||||||| |||| 00| 0 eng d
020 ## - INTERNATIONAL STANDARD BOOK NUMBER
International Standard Book Number 9780804772792
082 ## - DEWEY DECIMAL CLASSIFICATION NUMBER
Classification number 30020559
100 ## - MAIN ENTRY--PERSONAL NAME
Personal name Obasogie, Osagie K.
245 ## - TITLE STATEMENT
Title Blinded by sight :
Medium seeing race through the eyes of the blind.
260 ## - PUBLICATION, DISTRIBUTION, ETC.
Place of publication, distribution, etc. California :
Name of publisher, distributor, etc. Stanford Law Books,
Date of publication, distribution, etc. 2014.
300 ## - PHYSICAL DESCRIPTION
Extent xiii, 261 p. :
Dimensions 26 cm.
Other physical details ill. ;
500 ## - GENERAL NOTE
General note Includes Bibliography index.
650 ## - SUBJECT ADDED ENTRY--TOPICAL TERM
Source of heading or term Race.
942 ## - Added entry Elements (Koha)
Source of classification or shelving scheme Dewey Decimal Classification
Holdings
Withdrawn status Lost status Source of classification or shelving scheme Damaged status Not for loan Collection code Home library Current library Shelving location Date acquired Inventory number Total Checkouts Full call number Barcode Date last seen Price effective from Koha item type Public note
    Dewey Decimal Classification     Main TEST RTC Library RTC Library Main opac 02/06/2025 19341   305.800973 OBA 30020559 02/06/2025 02/06/2025 Main Donated by Dr. Dolma.
Royal Thimphu College || All Right Reserved